<?xml version="1.0" encoding="UTF-8"?>
<record
    xmlns:xsi="http://www.w3.org/2001/XMLSchema-instance"
    xsi:schemaLocation="http://www.loc.gov/MARC21/slim http://www.loc.gov/standards/marcxml/schema/MARC21slim.xsd"
    xmlns="http://www.loc.gov/MARC21/slim">

  <leader>02025nam a2200349 a 4500</leader>
  <controlfield tag="001">000000363261</controlfield>
  <controlfield tag="003">IT-MiSPE</controlfield>
  <controlfield tag="005">20240629133540.0</controlfield>
  <controlfield tag="008">080925s2008    vc            001 0 ita d</controlfield>
  <datafield tag="020" ind1=" " ind2=" ">
    <subfield code="a">9788840180953</subfield>
    <subfield code="c">14.00 EUR</subfield>
  </datafield>
  <datafield tag="040" ind1=" " ind2=" ">
    <subfield code="a">IT-MiSPE</subfield>
    <subfield code="b">ita</subfield>
    <subfield code="d">IT-MiSPE</subfield>
    <subfield code="c">IT-MiSPE</subfield>
  </datafield>
  <datafield tag="041" ind1=" " ind2=" ">
    <subfield code="a">ita</subfield>
  </datafield>
  <datafield tag="082" ind1=" " ind2=" ">
    <subfield code="a">227.07-MOL an he (axa 23228)</subfield>
  </datafield>
  <datafield tag="245" ind1="0" ind2="0">
    <subfield code="a">Heidegger e san Paolo :</subfield>
    <subfield code="b">interpretazione fenomenologica dell'epistolario paolino /</subfield>
    <subfield code="c">a cura di Aniceto Molinaro.</subfield>
  </datafield>
  <datafield tag="260" ind1=" " ind2=" ">
    <subfield code="a">Citt&#xE0; del Vaticano :</subfield>
    <subfield code="b">Urbaniana University Press,</subfield>
    <subfield code="c">&#xA9;2008.</subfield>
  </datafield>
  <datafield tag="300" ind1=" " ind2=" ">
    <subfield code="a">156 p. ;</subfield>
    <subfield code="c">20 cm</subfield>
  </datafield>
  <datafield tag="490" ind1="1" ind2=" ">
    <subfield code="a">Percorsi culturali.</subfield>
    <subfield code="a">Nuova serie ;</subfield>
    <subfield code="v">017</subfield>
  </datafield>
  <datafield tag="504" ind1=" " ind2=" ">
    <subfield code="a">Contiene riferimenti bibliografici e indice</subfield>
  </datafield>
  <datafield tag="520" ind1=" " ind2=" ">
    <subfield code="a">In alcune lezioni giovanili Heidegger ha confrontato la sua fenomenologia ermeneutica con l'analitica esistenziale cristiana condotta da San Paolo. Gli esiti di questo accostamento, che si ritrovano sviluppati negli scritti della maturit&#xE0;, presentano molteplici motivi d'interesse: l'opportunit&#xE0; del confronto tra la filosofia greca e l'esistenza cristiana; la necessit&#xE0; di elaborare una filosofia della religione non a partire da preconcetti filosofici e religiosi ma dall'analisi di una esperienza religiosa fattuale; la possibilit&#xE0; di istituire un metodo ermeneutico-fenomonelogico basato sull'esperienza originaria della religiosit&#xE0;.</subfield>
  </datafield>
  <datafield tag="630" ind1="0" ind2="4">
    <subfield code="a">Biblia.</subfield>
    <subfield code="p">N.T.</subfield>
    <subfield code="p">Epistolae s. Pauli</subfield>
    <subfield code="x">Studio italiano.</subfield>
    <subfield code="9">57537</subfield>
  </datafield>
  <datafield tag="655" ind1=" " ind2="7">
    <subfield code="a">Filosofi di lingua tedesca posteriori al 1920</subfield>
    <subfield code="x">Heidegger Martin, 1889-1976.</subfield>
    <subfield code="2">local</subfield>
    <subfield code="9">57651</subfield>
  </datafield>
  <datafield tag="655" ind1=" " ind2="7">
    <subfield code="a">Sacra Scrittura. Studi sul Nuovo Testamento</subfield>
    <subfield code="x">Paolo: studi e teologia.</subfield>
    <subfield code="2">local</subfield>
    <subfield code="9">56750</subfield>
  </datafield>
  <datafield tag="700" ind1="1" ind2=" ">
    <subfield code="a">Molinaro, Aniceto,</subfield>
    <subfield code="c">sac.,</subfield>
    <subfield code="d">1936-,</subfield>
    <subfield code="e">ed.</subfield>
    <subfield code="9">57652</subfield>
  </datafield>
  <datafield tag="700" ind1="1" ind2=" ">
    <subfield code="a">Bernhard, Casper</subfield>
    <subfield code="9">57653</subfield>
  </datafield>
  <datafield tag="700" ind1="1" ind2=" ">
    <subfield code="a">Pietro, De Vitiis</subfield>
    <subfield code="9">57654</subfield>
  </datafield>
  <datafield tag="700" ind1="1" ind2=" ">
    <subfield code="a">Umberto, Regina</subfield>
    <subfield code="9">57655</subfield>
  </datafield>
  <datafield tag="700" ind1="1" ind2=" ">
    <subfield code="a">Friedrich-Wilhelm, von Herrmann</subfield>
    <subfield code="9">57656</subfield>
  </datafield>
  <datafield tag="830" ind1=" " ind2="0">
    <subfield code="a">Percorsi culturali.</subfield>
    <subfield code="p">Nuova serie ;</subfield>
    <subfield code="v">017.</subfield>
    <subfield code="9">57657</subfield>
  </datafield>
  <datafield tag="942" ind1=" " ind2=" ">
    <subfield code="2">ddc</subfield>
    <subfield code="c">BK</subfield>
  </datafield>
  <datafield tag="999" ind1=" " ind2=" ">
    <subfield code="c">358158</subfield>
    <subfield code="d">358158</subfield>
  </datafield>
  <datafield tag="952" ind1=" " ind2=" ">
    <subfield code="0">0</subfield>
    <subfield code="1">0</subfield>
    <subfield code="2">ddc</subfield>
    <subfield code="4">0</subfield>
    <subfield code="6">227_000000000000000_07MOL_AN_HE_AXA_23228</subfield>
    <subfield code="7">1</subfield>
    <subfield code="a">CINISELLO</subfield>
    <subfield code="b">CINISELLO</subfield>
    <subfield code="d">2024-06-29</subfield>
    <subfield code="l">0</subfield>
    <subfield code="o">227.07-MOL an he (axa 23228)</subfield>
    <subfield code="p">9788840180953</subfield>
    <subfield code="r">2024-06-29 13:39:11</subfield>
    <subfield code="w">2024-06-29</subfield>
    <subfield code="y">BK</subfield>
  </datafield>
</record>
